| 000 | 00653nam a2200181Ia 4500 | ||
|---|---|---|---|
| 008 | 090630s9999 xx 000 0 und d | ||
| 082 | _b17343 | ||
| 100 | _aकाकोडकर चंद्रकांत. | ||
| 245 |
_aभूल कशी पडली. _cकाकोडकर चंद्रकांत. |
||
| 260 | _bवसंत बुक. | ||
| 300 | _a0 | ||
| 600 | _aकाकोडकर चंद्रकांत. | ||
| 630 | _aभूल कशी पडली. | ||
| 655 | _aकादंबरी. | ||
| 700 | _aकाकोडकर चंद्रकांत. | ||
| 730 | _aभूल कशी पडली. | ||
| 942 | _cBOOK | ||
| 999 |
_c269199 _d269199 |
||